Le scepticisme de Hume : Les dialogues sur la religion naturelle (notice n° 1992307)

détails MARC
000 -LEADER
fixed length control field 00928cam a2200133 4500500
005 - DATE AND TIME OF LATEST TRANSACTION
control field 20260329044408.0
041 ## - LANGUAGE CODE
Language code of text/sound track or separate title fre
042 ## - AUTHENTICATION CODE
Authentication code dc
100 10 - MAIN ENTRY--PERSONAL NAME
Personal name Groulez, Marianne
Relator term author
245 00 - TITLE STATEMENT
Title Le scepticisme de Hume : Les dialogues sur la religion naturelle
260 ## - PUBLICATION, DISTRIBUTION, ETC.
Name of publisher, distributor, etc. Presses Universitaires de France,<br/>
Date of publication, distribution, etc. 2005.<br/>
520 ## - SUMMARY, ETC.
Summary, etc. La question du scepticisme et de son sens fournit une vois d’accès privilégiée au texte des Dialogues. D’où l’intérêt de les lire du point de vue de leur rapport à ce que Hume définit comme un scepticisme mitigé. Il constitue la version humienne d’une conception ancienne du scepticisme authentique dont le sens est ainsi mis en jeu ainsi que la nature de la croyance en général et de la foi religieuse en particulier.
856 41 - ELECTRONIC LOCATION AND ACCESS
Uniform Resource Identifier <a href="https://shs.cairn.info/le-scepticisme-de-hume-les-dialogues-sur-la-religion-naturelle--9782130535799?lang=fr&redirect-ssocas=7080">https://shs.cairn.info/le-scepticisme-de-hume-les-dialogues-sur-la-religion-naturelle--9782130535799?lang=fr&redirect-ssocas=7080</a>

Pas d'exemplaire disponible.

PLUDOC

PLUDOC est la plateforme unique et centralisée de gestion des bibliothèques physiques et numériques de Guinée administré par le CEDUST. Elle est la plus grande base de données de ressources documentaires pour les Étudiants, Enseignants chercheurs et Chercheurs de Guinée.

Adresse

627 919 101/664 919 101

25 boulevard du commerce
Kaloum, Conakry, Guinée

Réseaux sociaux

Powered by Netsen Group @ 2025